Luz desde el sueño (Record no. 68115)

MARC details
000 -LEADER
campo de control de longitud fija 00649nam a2200205 i 4500
001 - NÚMERO DE CONTROL
campo de control 68115
003 - IDENTIFICADOR DE NÚMERO DE CONTROL
campo de control ES-MaACL
005 - FECHA Y HORA DE LA ÚLTIMA TRANSACCIÓN
campo de control 20240302062938.0
007 - CAMPO FIJO DE DESCRIPCIÓN FÍSICA--INFORMACIÓN GENERAL
campo de control de longitud fija t|
008 - DATOS DE LONGITUD FIJA--INFORMACIÓN GENERAL
campo de control de longitud fija 040610s1947 sp ||||1| spa d
100 0# - ENTRADA PRINCIPAL--NOMBRE DE PERSONA
Nombre de persona Gaos, Vicente,
Fechas asociadas al nombre 1919-1980
9 (RLIN) 53906
245 10 - MENCIÓN DEL TÍTULO
Título Luz desde el sueño
Resto del título : retrato del poeta por Zamorano /
Mención de responsabilidad, etc. Vicente Gaos.
250 ## - MENCION DE EDICION
Mención de edición [1ª ed.].
260 ## - PUBLICACIÓN, DISTRIBUCIÓN, ETC.
Lugar de publicación, distribución, etc. Valladolid :
Nombre del editor, distribuidor, etc. [s.n.,
Fecha de publicación, distribución, etc. 1947] (
Fabricante Cuesta)
300 ## - DESCRIPCIÓN FÍSICA
Extensión 68 p., 1 lám. ;
Dimensiones 18 cm.
490 1# - MENCIÓN DE SERIE
Mención de serie Colección de poesía Halcón
830 0# - PUNTO DE ACCESO ADICIONAL DE SERIE-TÍTULO UNIFORME
Título uniforme Colección de poesía Halcón
9 (RLIN) 230924
852 ## - LOCALIZACIÓN
Ubicación ES-MaACL
Número de control de estantería 1868-F-9
Sublocalización o colección R.23887
Holdings
Estatus retirado Estado de pérdida Estado de daño No para préstamo Colección Biblioteca de origen Biblioteca actual Ubicación en estantería Fecha de adquisición Fuente de adquisición Total de préstamos Signatura topográfica completa Código de barras Visto por última vez Precio de reemplazo Tipo de ítem Koha
        Colección de folletos Biblioteca del Ateneo de Madrid Biblioteca del Ateneo de Madrid Depósito folletos 17/01/2008     1868-F-9 1071308 23/02/2023 23/02/2023 Folleto